000
00419nam a2200145Ia 4500
008
100204s9999 xx 000 0 und d
082
_b
9841
100
_a
खानोलकर चिंतामणी त्र्यंबक
245
_a
सनई
260
_b
"मौज प्रकाशन , मुंबई"
_c
1987 2
300
_a
206
630
_a
सनई
730
_a
सनई
942
_c
BOOK
999
_c
454277
_d
454274